000 00528nam a2200169 i 4500
001 71306
003 ES-MaACL
005 20240927063113.0
007 t|
008 040809s1955 sp ||||1| spa d
100 0 _aGaya Nuño, Juan Antonio,
_d1913-1976
_956130
245 1 0 _aHistoria y guía de los museos de España /
_cJuan Antonio Gaya Nuño.
260 _aMadrid :
_bEspasa-Calpe,
_c1955.
300 _a916 p., 9 lám. :
_bil. ;
_c22 cm.
852 _aES-MaACL
_jC-10298
_bR.38219
999 _c71306
_d71306